Städte in Österreich-Ungarn auf einer Karte - Statistiken

Allgemein
  • Dieses Quiz wurde 310 mal gespielt
  • Das Durchschnittsergebnis liegt bei 25 aus 49
Antworten auf der Karte
Die Antworten werden auf der Karte rot bzw. grün angezeigt, abhängig davon wie oft sie richtig erraten wurden.
 
Antwortstatistiken
Population City % Korrekt
1752286 Budapest
99%
1840573 Wien
99%
1308632 Prag
95%
148420 Salzburg
93%
126851 Innsbruck
92%
688163 Zagreb
91%
198181 Linz
89%
273838 Graz
88%
280310 Ljubljana
87%
432864 Bratislava
85%
275524 Sarajevo
85%
204267 Triest
83%
107317 Bolzano / Bozen
80%
380 681 Brno / Brünn
79%
167121 Split
79%
774839 Krakau
73%
724713 Lwiw / Lemberg
71%
172441 Plzeň / Pilsen
65%
112065 Maribor / Marburg an der Drau
60%
117997 Trento / Trient
60%
128384 Rijeka
58%
201432 Debrecen
54%
289 128 Ostrava / Ostrau
53%
132038 Győr / Raab
51%
277522 Novi Sad
49%
238757 Košice
41%
319279 Timișoara / Temeswar
41%
123738 Baia Mare / Frauenbach
40%
104 445 Liberec
40%
324576 Cluj-Napoca / Klausenburg
37%
160766 Szeged
37%
142873 Pécs / Fünfkirchen
36%
138963 Banja Luka
31%
147245 Sibiu / Hermannstadt
31%
253200 Brașov / Kronstadt
28%
100523 Olomouc / Olmütz
28%
236602 Iwano-Frankiwsk
27%
154521 Miskolc / Mischkolz
24%
227755 Ternopil
23%
159074 Arad
21%
266533 Czernowitz
20%
105681 Subotica
17%
196367 Oradea / Großwardein
15%
102411 Satu Mare / Sathmar
14%
114897 Uschhorod
14%
110687 Kecskemét
13%
116799 Nyíregyháza / Birkenkirchen
12%
195101 Rzeszów
12%
134290 Târgu Mureș
11%
Keine übereinstimmenden Quizze gefunden
Verteilung der Resultate
Anzahl Personen mit jedem Resultat
Perzentil nach korrekt beantworteten Fragen
Ihre Resultats-Entwicklung
Sie haben dieses Quiz noch nicht gespielt